Normal view
MARC view
- الإسكافي، محمد بن عبدالله الخطيب
Entry Personal Name
001 - CONTROL NUMBER
- control field: 8702
003 - CONTROL NUMBER IDENTIFIER
- control field: JO-AjAnu
005 - DATE AND TIME OF LATEST TRANSACTION
- control field: 20230606071713.0
008 - FIXED-LENGTH DATA ELEMENTS
- fixed length control field: 230606|| aca||aabn | a|a d
040 ## - CATALOGING SOURCE
- Original cataloging agency: JO-AjAnu
- Transcribing agency: JO-AjAnu
100 ## - HEADING--PERSONAL NAME
- Personal name: الإسكافي، محمد بن عبدالله الخطيب
670 ## - SOURCE DATA FOUND
- Source citation: Work cat.: (JO-AjAnu)4492: الإسكافي، محمد بن عبدالله الخطيب, author, كتاب مبادئ اللغة: مع شرح أبيات مبادئ اللغة للشيخ الإمام أبي عبد الله محمد بن عبد الله الخطيب الإسكافي المتوفي سنة 421 هجرية رحمه الله تعالى